000 00710nam a2200217Ia 4500
005 20250508165726.0
008 008 250505s9999 xx 000 0 eng d
020 _a81-7450-4725-3
037 _aTextual
040 _aFEDL
_beng
_cFEDL
041 _aeng
_2eng
084 _a370.102, NCE
_qFEDL
100 _aSharma Santosh Ed.
_9781722
245 0 _aConstructivist approaches to teaching and learning: Handbook for teachers of secondary stage
245 0 _cNew Delhi (Delhi India)
260 _aNew Delhi, India
_bNational Council of Educational Research and Training
_c2006
300 _avi, 134p.
365 _aINR
_b550
942 _cTEXL
_h370.102, NCE
999 _c1397072
_d1397072